00372nam a2200181Ia 4500003000900000008004100009040001300050040001300063041000800076100002000084245002800104250000900132260001300141260000900154300001100163300001000174490000600184IT-RoPAU120407s9999 xx 000 0 und d aIT-RoPAU cIT-RoPAU aita aVincenzo Buffon aLourdes nel centenario. aRoma aMarianum c1960 a177 p. c24 cm v1